[Event "Liberec Open 2016"]
[Site "Liberec CZE"]
[Date "2016.02.18"]
[Round "7.12"]
[White "Duda, Antonin"]
[Black "Stojkovic, Andreja"]
[Result "1-0"]
[WhiteElo "2034"]
[BlackElo "1865"]
[PlyCount "75"]
[EventDate "2016.02.13"]
[EventType "swiss"]
[EventRounds "9"]
[EventCountry "CZE"]
[Source "lmi"]
[SourceDate "2016.02.13"]

1. e4 e5 2. Nf3 Nc6 3. Bb5 f5 4. Nc3 fxe4 5. Nxe4 d5 6. Nxe5 dxe4 7. Nxc6 Qg5
8. Qe2 Nf6 9. f4 Qxf4 10. Ne5+ c6 11. d4 Qh4+ 12. g3 Qh3 13. Bc4 Be6 14. Bf4
O-O-O 15. O-O-O Bd6 16. Kb1 Rhe8 17. Rhf1 Bxc4 18. Qxc4 Qe6 19. Qxe6+ Rxe6 20.
Nf7 Rd7 21. Nxd6+ Rdxd6 22. Bxd6 Rxd6 23. c3 Kd7 24. Rde1 Ke6 25. g4 Rd5 26. h3
h5 27. gxh5 Rxh5 28. Re3 g5 29. c4 Rh4 30. Kc2 Rf4 31. Rg1 Kf5 32. Reg3 g4 33.
hxg4+ Nxg4 34. R1g2 e3 35. Kd3 Nf2+ 36. Kxe3 Ne4 37. Rg8 Nd6 38. R2g5+ 1-0

[Event "Liberec Open 2016"]
[Site "Liberec CZE"]
[Date "2016.02.18"]
[Round "7.14"]
[White "Polak, Benedikt"]
[Black "Pribylova, Sofie"]
[Result "1/2-1/2"]
[WhiteElo "2170"]
[BlackElo "1872"]
[PlyCount "37"]
[EventDate "2016.02.13"]
[EventType "swiss"]
[EventRounds "9"]
[EventCountry "CZE"]
[Source "lmi"]
[SourceDate "2016.02.13"]

1. d4 Nf6 2. c4 g6 3. g3 Bg7 4. Bg2 d5 5. cxd5 Nxd5 6. e4 Nb6 7. Ne2 O-O 8. O-O
e5 9. d5 c6 10. Nbc3 cxd5 11. exd5 Nc4 12. b3 Nd6 13. Ba3 Re8 14. Re1 Na6 15.
h3 f5 16. Qd2 Nc7 17. Red1 b6 18. f4 Ba6 19. Kh2 1/2-1/2

[Event "Liberec Open 2016"]
[Site "Liberec CZE"]
[Date "2016.02.18"]
[Round "7.15"]
[White "Grzesik, Norbert"]
[Black "Simon, Peter"]
[Result "0-1"]
[WhiteElo "1892"]
[BlackElo "2134"]
[PlyCount "98"]
[EventDate "2016.02.13"]
[EventType "swiss"]
[EventRounds "9"]
[EventCountry "CZE"]
[Source "lmi"]
[SourceDate "2016.02.13"]

1. e4 d6 2. d4 Nf6 3. Nc3 e5 4. Nf3 Nbd7 5. Bc4 Be7 6. O-O Nb6 7. Bb3 exd4 8.
Qxd4 O-O 9. h3 Nfd7 10. a4 Bf6 11. Qe3 a5 12. Nd2 Nc5 13. Nd5 Nxd5 14. Bxd5 Re8
15. f3 Be6 16. Bxe6 Nxe6 17. c3 d5 18. exd5 Nd4 19. Ne4 Nc2 20. Qd3 Nxa1 21.
Be3 Nb3 22. Qc4 Nd2 23. Bxd2 Re5 24. Bf4 Rxd5 25. Nxf6+ gxf6 26. Bxc7 Qd7 27.
Qf4 Rc8 28. Bb6 Qf5 29. Qxf5 Rxf5 30. Re1 Rc6 31. Bd4 Re6 32. Kf2 Kg7 33. g4
Rxe1 34. Kxe1 Rxf3 35. h4 Rh3 36. Bf2 Rh1+ 37. Kd2 Ra1 38. b4 Ra2+ 39. Ke3 axb4
40. cxb4 Rxa4 41. Be1 Kg6 42. Kd4 f5 43. gxf5+ Kxf5 44. Kc5 Ra6 45. Bd2 Kg4 46.
Be1 f5 47. b5 Re6 48. Bf2 f4 49. Kd5 Re2 0-1

[Event "Liberec Open 2016"]
[Site "Liberec CZE"]
[Date "2016.02.18"]
[Round "7.17"]
[White "Malinovsky, Petr"]
[Black "Ochman, Tomas"]
[Result "1-0"]
[WhiteElo "1979"]
[BlackElo "1839"]
[PlyCount "45"]
[EventDate "2016.02.13"]
[EventType "swiss"]
[EventRounds "9"]
[EventCountry "CZE"]
[Source "lmi"]
[SourceDate "2016.02.13"]

1. d4 Nf6 2. c4 g6 3. f3 d5 4. cxd5 Nxd5 5. e4 Nb6 6. Nc3 Bg7 7. Be3 O-O 8. Qd2
Re8 9. O-O-O Nc6 10. h4 Na5 11. b3 a6 12. h5 Qd6 13. hxg6 fxg6 14. e5 Qa3+ 15.
Qb2 Qb4 16. Ne4 Nd5 17. Bd2 Qb6 18. Ne2 Bf5 19. g4 Bxe4 20. fxe4 Nb4 21. Bc3
Nd3+ 22. Rxd3 Red8 23. Rdh3 1-0

[Event "Liberec Open 2016"]
[Site "Liberec CZE"]
[Date "2016.02.18"]
[Round "7.19"]
[White "Janous, Petr"]
[Black "Slechta, Jan"]
[Result "1/2-1/2"]
[WhiteElo "1903"]
[BlackElo "1721"]
[PlyCount "62"]
[EventDate "2016.02.13"]
[EventType "swiss"]
[EventRounds "9"]
[EventCountry "CZE"]
[Source "lmi"]
[SourceDate "2016.02.13"]

1. d4 Nf6 2. Nf3 e6 3. e3 d5 4. Bd3 Nbd7 5. Nbd2 c6 6. O-O Qc7 7. Re1 Bd6 8.
Qe2 h6 9. e4 dxe4 10. Nxe4 Nxe4 11. Qxe4 Nf6 12. Qh4 b6 13. Ne5 Bb7 14. Nc4
O-O-O 15. Nxd6+ Qxd6 16. Be3 g5 17. Qg3 Qxg3 18. hxg3 Nd5 19. Bd2 a5 20. a3 Rd7
21. c4 Nc7 22. Bc3 Re8 23. Be4 f5 24. Bf3 g4 25. Be2 Rg8 26. b3 h5 27. Rab1 Na6
28. c5 b5 29. Bxa5 Rxd4 30. Rbc1 Rd5 31. a4 Nxc5 1/2-1/2

[Event "Liberec Open 2016"]
[Site "Liberec CZE"]
[Date "2016.02.18"]
[Round "7.20"]
[White "Hons, Tomas"]
[Black "Nemcova, Kamila"]
[Result "0-1"]
[WhiteElo "2030"]
[BlackElo "1787"]
[PlyCount "80"]
[EventDate "2016.02.13"]
[EventType "swiss"]
[EventRounds "9"]
[EventCountry "CZE"]
[Source "lmi"]
[SourceDate "2016.02.13"]

1. e4 c5 2. Nf3 d6 3. d4 cxd4 4. Nxd4 Nf6 5. Nc3 a6 6. Be2 e5 7. Nb3 Be7 8. Bg5
Nbd7 9. a4 b6 10. Nd5 Bb7 11. Nxe7 Qxe7 12. f3 Qe6 13. c4 Rc8 14. O-O h6 15.
Be3 O-O 16. Nd2 a5 17. Nb1 Ne8 18. Nc3 Nc5 19. b3 f5 20. exf5 Rxf5 21. Bxc5
dxc5 22. Bd3 Rf8 23. Be4 Bxe4 24. Nxe4 Nf6 25. Qe2 Rcd8 26. Rfe1 Rd4 27. Nc3
Nd7 28. g3 Qf5 29. Rad1 Qxf3 30. Qxf3 Rxf3 31. Ne2 Rxd1 32. Rxd1 Nf6 33. Rb1
Ne4 34. Rb2 Rf2 35. Ra2 Kf7 36. Nc1 Rxa2 37. Nxa2 Kf6 38. Kg2 Kf5 39. Nc1 Nd2
40. h3 Ke4 0-1

[Event "Liberec Open 2016"]
[Site "Liberec CZE"]
[Date "2016.02.18"]
[Round "7.27"]
[White "Hrbek, Stepan"]
[Black "Kolmas, Oldrich"]
[Result "1/2-1/2"]
[WhiteElo "1656"]
[BlackElo "1889"]
[PlyCount "55"]
[EventDate "2016.02.13"]
[EventType "swiss"]
[EventRounds "9"]
[EventCountry "CZE"]
[Source "lmi"]
[SourceDate "2016.02.13"]

1. e4 d5 2. exd5 Qxd5 3. Nc3 Qd8 4. d4 Nf6 5. Nf3 e6 6. Bc4 Be7 7. O-O O-O 8.
Re1 Nbd7 9. Bb3 Nb6 10. Bf4 a6 11. Bg3 Bd7 12. d5 Nbxd5 13. Nxd5 exd5 14. Bxc7
Qxc7 15. Rxe7 Qd8 16. Re5 Bc6 17. Re1 Qb6 18. Qd4 Qxd4 19. Nxd4 Rfe8 20. Rad1
Rxe1+ 21. Rxe1 Re8 22. Rxe8+ Bxe8 23. Nf5 Kf8 24. Ne3 Bc6 25. f3 g6 26. c3 Ke7
27. Nc2 Nd7 28. Kf2 1/2-1/2

[Event "Liberec Open 2016"]
[Site "Liberec CZE"]
[Date "2016.02.18"]
[Round "7.29"]
[White "Klucznik, Andre"]
[Black "Pawicka, Magdalena"]
[Result "0-1"]
[WhiteElo "1832"]
[BlackElo "1455"]
[PlyCount "53"]
[EventDate "2016.02.13"]
[EventType "swiss"]
[EventRounds "9"]
[EventCountry "CZE"]
[Source "lmi"]
[SourceDate "2016.02.13"]

1. Nf3 d5 2. e3 e6 3. b3 Nf6 4. Bb2 Bd6 5. Be2 O-O 6. O-O Nbd7 7. d4 b6 8. Nbd2
Bb7 9. c4 Re8 10. a3 c5 11. Re1 Rc8 12. Nf1 Ne4 13. N1d2 Ndf6 14. Nxe4 Nxe4 15.
Rc1 Qe7 16. dxc5 Bxc5 17. b4 Bd6 18. Nd4 Qh4 19. g3 Qh6 20. Bf1 dxc4 21. Rxc4
Rxc4 22. Bxc4 Nxf2 23. Qa1 Bxg3 24. Kf1 Qxh2 25. Nxe6 fxe6 26. Bxg7 Bf3 27. Qf6
0-1

[Event "Liberec Open 2016"]
[Site "Liberec CZE"]
[Date "2016.02.19"]
[Round "8.1"]
[White "Fogel, Pierre"]
[Black "Plischki, Sebastian"]
[Result "0-1"]
[WhiteElo "2086"]
[BlackElo "2381"]
[PlyCount "64"]
[EventDate "2016.02.13"]
[EventType "swiss"]
[EventRounds "9"]
[EventCountry "CZE"]
[Source "lmi"]
[SourceDate "2016.02.13"]

1. Nf3 Nf6 2. c4 b6 3. g3 Bb7 4. Bg2 c5 5. O-O g6 6. b3 Bg7 7. Bb2 O-O 8. d4
cxd4 9. Nxd4 Bxg2 10. Kxg2 Qc8 11. Nc3 Qb7+ 12. Nf3 d6 13. Qd2 Nbd7 14. Kg1 a6
15. Rfd1 b5 16. cxb5 axb5 17. Nd5 Rfe8 18. Nxf6+ Nxf6 19. Rdb1 b4 20. a3 bxa3
21. Rxa3 Rxa3 22. Bxa3 Ne4 23. Qb4 Qa8 24. Rc1 Nc3 25. Rxc3 Bxc3 26. Qxc3 Qxa3
27. Qc6 Qa8 28. Qd7 Qc8 29. Qa4 e5 30. Ng5 d5 31. Qh4 h5 32. h3 Kg7 0-1

[Event "Liberec Open 2016"]
[Site "Liberec CZE"]
[Date "2016.02.19"]
[Round "8.2"]
[White "Moravec, Vit"]
[Black "Mikalsen, Erlend"]
[Result "0-1"]
[WhiteElo "2180"]
[BlackElo "2319"]
[PlyCount "108"]
[EventDate "2016.02.13"]
[EventType "swiss"]
[EventRounds "9"]
[EventCountry "CZE"]
[Source "lmi"]
[SourceDate "2016.02.13"]

1. c4 e5 2. Nc3 Nf6 3. Nf3 Nc6 4. g3 d5 5. cxd5 Nxd5 6. Bg2 Nb6 7. O-O Be7 8.
d3 O-O 9. Be3 Be6 10. a3 f5 11. b4 a6 12. Bc5 Bd6 13. Rc1 Qe7 14. Na4 Nd5 15.
e4 fxe4 16. dxe4 Nf6 17. Ng5 Rad8 18. Nxe6 Qxe6 19. Qc2 Nd7 20. Bxd6 cxd6 21.
Qc4 Qxc4 22. Rxc4 Nd4 23. Rc7 b5 24. Nc3 Nb6 25. Nd5 Nxd5 26. exd5 Rf7 27. Rxf7
Kxf7 28. Bh3 h5 29. f4 e4 30. Rd1 Nc2 31. Rc1 Nxa3 32. Rc7+ Kf6 33. Be6 a5 34.
Rf7+ Kg6 35. bxa5 Ra8 36. h4 Nc4 37. a6 Rxa6 38. Rf8 Kh7 39. Bf5+ g6 40. Rf7+
Kg8 41. Be6 Kh8 42. Rf8+ Kg7 43. Rf7+ Kh6 44. Rc7 Ra1+ 45. Kh2 Ne3 46. Rb7 Ng4+
47. Bxg4 hxg4 48. Rxb5 e3 49. Rb2 Rd1 50. Rg2 Rxd5 51. Kg1 Rd1+ 52. Kh2 d5 53.
h5 Kxh5 54. Re2 Rd2 0-1

[Event "Liberec Open 2016"]
[Site "Liberec CZE"]
[Date "2016.02.19"]
[Round "8.3"]
[White "Kaderabek, Jiri"]
[Black "Balinski, Damian"]
[Result "0-1"]
[WhiteElo "2190"]
[BlackElo "2181"]
[PlyCount "94"]
[EventDate "2016.02.13"]
[EventType "swiss"]
[EventRounds "9"]
[EventCountry "CZE"]
[Source "lmi"]
[SourceDate "2016.02.13"]

1. d4 Nf6 2. Nf3 g6 3. Nc3 Bg7 4. e4 d6 5. Be2 O-O 6. O-O Bg4 7. Be3 Nc6 8. h3
Bxf3 9. Bxf3 e5 10. d5 Ne7 11. Qd2 Nd7 12. Bg5 f5 13. a4 f4 14. Bg4 h5 15. Be6+
Kh7 16. g4 Bh6 17. Bxh6 Kxh6 18. f3 Nc5 19. Qg2 Nxe6 20. dxe6 Nc6 21. Nd5 Re8
22. h4 Rxe6 23. gxh5 gxh5 24. Qg5+ Kh7 25. Qxh5+ Rh6 26. Qf7+ Kh8 27. Rf2 Qg8+
28. Qxg8+ Rxg8+ 29. Rg2 Rxh4 30. Rxg8+ Kxg8 31. c3 Na5 32. Nxc7 Nc4 33. Nd5 Rh3
34. a5 Nd2 35. a6 Nxf3+ 36. Kf2 bxa6 37. Rxa6 Ng5 38. Rxa7 Rh2+ 39. Kg1 Rxb2
40. Nf6+ Kf8 41. c4 Nf3+ 42. Kf1 Nh2+ 43. Kg1 f3 44. Nd7+ Ke8 45. Nf6+ Kd8 46.
Ra8+ Kc7 47. Nd5+ Kb7 0-1

[Event "Liberec Open 2016"]
[Site "Liberec CZE"]
[Date "2016.02.19"]
[Round "8.4"]
[White "Bartos, Jan"]
[Black "Duda, Antonin"]
[Result "0-1"]
[WhiteElo "2181"]
[BlackElo "2034"]
[PlyCount "40"]
[EventDate "2016.02.13"]
[EventType "swiss"]
[EventRounds "9"]
[EventCountry "CZE"]
[Source "lmi"]
[SourceDate "2016.02.13"]

1. d4 d5 2. c4 e6 3. Nf3 Nf6 4. Nc3 dxc4 5. Qa4+ c6 6. Qxc4 b5 7. Qd3 a6 8. e4
c5 9. dxc5 Bxc5 10. Qxd8+ Kxd8 11. e5 Ng4 12. Ne4 Bb4+ 13. Bd2 Bxd2+ 14. Kxd2
Nd7 15. Nd6 Ke7 16. Re1 Rd8 17. Bd3 Nxf2 18. Nd4 Nxe5 19. N6f5+ Kf6 20. Rxe5
Nxh1 0-1

[Event "Liberec Open 2016"]
[Site "Liberec CZE"]
[Date "2016.02.19"]
[Round "8.5"]
[White "Bindrich, Oswald"]
[Black "Samborski, Henryk"]
[Result "1-0"]
[WhiteElo "2105"]
[BlackElo "2050"]
[PlyCount "44"]
[EventDate "2016.02.13"]
[EventType "swiss"]
[EventRounds "9"]
[EventCountry "CZE"]
[Source "lmi"]
[SourceDate "2016.02.13"]

1. e4 c5 2. Nf3 d6 3. d4 cxd4 4. Nxd4 Nf6 5. Nc3 a6 6. Bg5 Nbd7 7. f4 Qc7 8.
Bd3 b5 9. Qe2 Bb7 10. O-O-O b4 11. Nd5 Nxd5 12. exd5 Bxd5 13. Bxe7 Bxe7 14.
Rhe1 Nc5 15. Nf5 Ra7 16. Nxe7 Qxe7 17. Qd2 Be6 18. f5 O-O 19. fxe6 fxe6 20. Bc4
d5 21. Bxd5 Rd7 22. Rxe6 Rxd5 1-0

[Event "Liberec Open 2016"]
[Site "Liberec CZE"]
[Date "2016.02.19"]
[Round "8.6"]
[White "Bilczewski, Kacper"]
[Black "Siggelkow, Axel"]
[Result "1/2-1/2"]
[WhiteElo "2015"]
[BlackElo "2051"]
[PlyCount "34"]
[EventDate "2016.02.13"]
[EventType "swiss"]
[EventRounds "9"]
[EventCountry "CZE"]
[Source "lmi"]
[SourceDate "2016.02.13"]

1. e4 c5 2. d3 e6 3. Nf3 Nc6 4. Nbd2 d6 5. g3 Nf6 6. Bg2 Be7 7. O-O O-O 8. Re1
Qc7 9. c3 e5 10. Qc2 b6 11. Nc4 Be6 12. Ne3 d5 13. Nh4 dxe4 14. dxe4 Rfd8 15.
Nd5 Qc8 16. Nf5 Nxd5 17. Nxg7 Ndb4 1/2-1/2

[Event "Liberec Open 2016"]
[Site "Liberec CZE"]
[Date "2016.02.19"]
[Round "8.7"]
[White "Chudinovskikh, Alexander M"]
[Black "Malinovsky, Petr"]
[Result "1-0"]
[WhiteElo "2257"]
[BlackElo "1979"]
[PlyCount "47"]
[EventDate "2016.02.13"]
[EventType "swiss"]
[EventRounds "9"]
[EventCountry "CZE"]
[Source "lmi"]
[SourceDate "2016.02.13"]

1. Nf3 d5 2. c4 e6 3. g3 c6 4. Bg2 Nf6 5. O-O Nbd7 6. Qc2 Be7 7. d4 O-O 8. Rd1
b6 9. b3 Ba6 10. Nbd2 Rc8 11. e4 c5 12. exd5 exd5 13. Bb2 dxc4 14. bxc4 cxd4
15. Nxd4 Qc7 16. Nc6 Bc5 17. Ne4 Bb7 18. Nxf6+ Nxf6 19. Be5 Qxc6 20. Bxc6 Rxc6
21. Bd4 Rfc8 22. Bxc5 Rxc5 23. Rd4 Bd5 24. Qd3 1-0

[Event "Liberec Open 2016"]
[Site "Liberec CZE"]
[Date "2016.02.19"]
[Round "8.9"]
[White "Simon, Eric"]
[Black "Parizek, Vojtech"]
[Result "1-0"]
[WhiteElo "2107"]
[BlackElo "1852"]
[PlyCount "61"]
[EventDate "2016.02.13"]
[EventType "swiss"]
[EventRounds "9"]
[EventCountry "CZE"]
[Source "lmi"]
[SourceDate "2016.02.13"]

1. d4 Nf6 2. g3 g6 3. Bg2 Bg7 4. e4 d6 5. Nc3 O-O 6. Nge2 c6 7. a4 Nbd7 8. h3
e5 9. Be3 Qa5 10. O-O exd4 11. Bxd4 Ne5 12. f4 Nc4 13. b3 c5 14. Bf2 Ne8 15. e5
Nb6 16. Nb5 dxe5 17. Bxc5 exf4 18. b4 Qa6 19. Nec3 Nc4 20. Rxf4 Be6 21. Bxf8
Kxf8 22. Kh2 Ne3 23. Qe2 Nxg2 24. Qxg2 Rc8 25. Ra3 Qc6 26. Qxc6 Rxc6 27. Nd4
Bxd4 28. Rxd4 Nd6 29. b5 Rb6 30. a5 Rxb5 31. Rxd6 1-0

[Event "Liberec Open 2016"]
[Site "Liberec CZE"]
[Date "2016.02.19"]
[Round "8.10"]
[White "Jeute, Peter"]
[Black "Brauer, Christian"]
[Result "1/2-1/2"]
[WhiteElo "1976"]
[BlackElo "2096"]
[PlyCount "25"]
[EventDate "2016.02.13"]
[EventType "swiss"]
[EventRounds "9"]
[EventCountry "CZE"]
[Source "lmi"]
[SourceDate "2016.02.13"]

1. d4 e6 2. Nf3 f5 3. g3 Nf6 4. Bg2 d5 5. O-O Bd6 6. b3 Qe7 7. Bb2 O-O 8. e3 b6
9. Nbd2 Bb7 10. c4 c5 11. Ne1 Nbd7 12. Nd3 Rac8 13. Nf3 1/2-1/2

[Event "Liberec Open 2016"]
[Site "Liberec CZE"]
[Date "2016.02.19"]
[Round "8.11"]
[White "Stebel, Agata"]
[Black "Bradac, Daniel"]
[Result "0-1"]
[WhiteElo "1768"]
[BlackElo "2030"]
[PlyCount "64"]
[EventDate "2016.02.13"]
[EventType "swiss"]
[EventRounds "9"]
[EventCountry "CZE"]
[Source "lmi"]
[SourceDate "2016.02.13"]

1. e4 c5 2. c3 Nf6 3. e5 Nd5 4. d4 cxd4 5. Nf3 d6 6. cxd4 Nc6 7. Bc4 Nb6 8. Bb5
a6 9. Bxc6+ bxc6 10. O-O Bg4 11. Qd3 e6 12. Bg5 f6 13. exf6 gxf6 14. Bh4 Bg7
15. Nc3 O-O 16. Rfe1 Qc7 17. Bg3 e5 18. Nh4 Qd7 19. h3 Be6 20. Rad1 Nc4 21. Qc2
f5 22. dxe5 f4 23. Bh2 Nxe5 24. Qe4 d5 25. Qe2 Bxh3 26. gxh3 Qxh3 27. Qh5 Ng4
28. Bxf4 Rxf4 29. Re8+ Rf8 30. Rxf8+ Rxf8 31. Rd2 Qh2+ 32. Kf1 Rxf2+ 0-1

[Event "Liberec Open 2016"]
[Site "Liberec CZE"]
[Date "2016.02.19"]
[Round "8.12"]
[White "Blahacek, Evzen"]
[Black "Dzikowski, Michal"]
[Result "1/2-1/2"]
[WhiteElo "1949"]
[BlackElo "2028"]
[PlyCount "55"]
[EventDate "2016.02.13"]
[EventType "swiss"]
[EventRounds "9"]
[EventCountry "CZE"]
[Source "lmi"]
[SourceDate "2016.02.13"]

1. c4 Nf6 2. Nc3 e6 3. Nf3 d5 4. e3 Be7 5. d4 c6 6. Bd3 Nbd7 7. O-O O-O 8. e4
dxe4 9. Nxe4 Nxe4 10. Bxe4 Nf6 11. Bc2 c5 12. dxc5 Bxc5 13. Qe2 Qb6 14. Bg5 h6
15. Bh4 Nh7 16. Bg3 f5 17. Be5 Bd7 18. Rad1 Rad8 19. Bc3 Nf6 20. Ne5 Bc8 21. a3
Bd4 22. Bxd4 Rxd4 23. Rxd4 Qxd4 24. Ng6 Re8 25. Ba4 Rd8 26. Rd1 Qb6 27. Ne7+
Kf8 28. Rxd8+ 1/2-1/2

[Event "Liberec Open 2016"]
[Site "Liberec CZE"]
[Date "2016.02.19"]
[Round "8.13"]
[White "Nemcova, Kamila"]
[Black "Korosciel, Aneta"]
[Result "1-0"]
[WhiteElo "1787"]
[BlackElo "2023"]
[PlyCount "102"]
[EventDate "2016.02.13"]
[EventType "swiss"]
[EventRounds "9"]
[EventCountry "CZE"]
[Source "lmi"]
[SourceDate "2016.02.13"]

1. e4 d6 2. d4 Nf6 3. Nc3 c6 4. Nf3 Bg4 5. Be2 e6 6. Be3 d5 7. e5 Nfd7 8. Nd2
Bxe2 9. Nxe2 c5 10. c3 Nc6 11. O-O Rc8 12. f4 g6 13. g4 cxd4 14. cxd4 Bh6 15.
Rf3 Nb4 16. Bf2 Bg7 17. Kh1 h5 18. f5 hxg4 19. Rb3 Nc6 20. fxe6 Nb6 21. exf7+
Kxf7 22. Rg3 Rh4 23. Qg1 Bh6 24. Be3 Bxe3 25. Qxe3 Qh8 26. Qf4+ Ke7 27. Rxg4
Rxg4 28. Qxg4 Qh5 29. Qxh5 gxh5 30. Rg1 Kf7 31. Rg5 Nb4 32. Nc3 Nd3 33. Rxh5
Nxb2 34. Rf5+ Ke6 35. Rf6+ Ke7 36. Rf3 N2c4 37. Nb3 Ke8 38. Nc5 Nxe5 39. Re3
Nbc4 40. Re2 Kf7 41. Nxd5 b6 42. Rf2+ Ke8 43. Ne6 Nf7 44. Nec7+ Kf8 45. h4 Kg7
46. Ne6+ Kh6 47. Rxf7 Kh5 48. Rh7+ Kg4 49. Rxa7 Nd2 50. Rc7 Rh8 51. Rg7+ Kf3
1-0

[Event "Liberec Open 2016"]
[Site "Liberec CZE"]
[Date "2016.02.19"]
[Round "8.18"]
[White "Slechta, Jan"]
[Black "Dimov, Daniel"]
[Result "0-1"]
[WhiteElo "1721"]
[BlackElo "1959"]
[PlyCount "77"]
[EventDate "2016.02.13"]
[EventType "swiss"]
[EventRounds "9"]
[EventCountry "CZE"]
[Source "lmi"]
[SourceDate "2016.02.13"]

1. g4 d5 2. Bg2 Bxg4 3. c4 Nf6 4. Qb3 Nbd7 5. cxd5 Nb6 6. Nc3 a6 7. d4 e6 8.
dxe6 Bxe6 9. Qd1 c6 10. e4 Bb4 11. a3 Bxc3+ 12. bxc3 Nc4 13. Ne2 Qa5 14. O-O
O-O 15. Qd3 Rad8 16. f4 Nb6 17. Rf3 Bc4 18. Qc2 Nxe4 19. Rh3 Nf6 20. Ng3 Nbd5
21. Be4 Nxe4 22. Nxe4 f5 23. Ng5 Nf6 24. Rb1 Rde8 25. Rxb7 Re1+ 26. Kf2 Re2+
27. Qxe2 Bxe2 28. Kxe2 Re8+ 29. Re3 Ne4 30. Rb4 h6 31. Nf3 Nxc3+ 32. Kf1 Rxe3
33. Bxe3 Qxa3 34. Rb8+ Kh7 35. Ne1 Qa2 36. Bf2 Qe2+ 37. Kg1 Nd1 38. Bg3 Ne3 39.
Bf2 0-1

[Event "Liberec Open 2016"]
[Site "Liberec CZE"]
[Date "2016.02.19"]
[Round "8.19"]
[White "Peniska, Pavel"]
[Black "Hung, Do"]
[Result "1-0"]
[WhiteElo "1957"]
[BlackElo "1715"]
[PlyCount "46"]
[EventDate "2016.02.13"]
[EventType "swiss"]
[EventRounds "9"]
[EventCountry "CZE"]
[Source "lmi"]
[SourceDate "2016.02.13"]

1. e4 e5 2. Nf3 Nc6 3. Bb5 f5 4. Nc3 Nf6 5. O-O Bc5 6. d3 d6 7. Bg5 h6 8. Bxf6
gxf6 9. Nh4 h5 10. exf5 a6 11. Bc4 Nd4 12. Ne4 b5 13. Nxc5 bxc4 14. Ne4 cxd3
15. cxd3 Rh7 16. f4 Kf7 17. fxe5 fxe5 18. f6 Qg8 19. Qd2 Ne6 20. Nf3 Rh8 21.
Nfg5+ Kf8 22. h4 Rb8 23. Qa5 Rxb2 1-0

[Event "Liberec Open 2016"]
[Site "Liberec CZE"]
[Date "2016.02.19"]
[Round "8.22"]
[White "Prachar, Josef"]
[Black "Hrbek, Stepan"]
[Result "1-0"]
[WhiteElo "1923"]
[BlackElo "1656"]
[PlyCount "53"]
[EventDate "2016.02.13"]
[EventType "swiss"]
[EventRounds "9"]
[EventCountry "CZE"]
[Source "lmi"]
[SourceDate "2016.02.13"]

1. d4 Nf6 2. c4 g6 3. Nc3 d5 4. cxd5 Nxd5 5. e4 Nxc3 6. bxc3 Bg7 7. Nf3 O-O 8.
Be2 c5 9. Rb1 Nc6 10. d5 Bxc3+ 11. Bd2 Bxd2+ 12. Qxd2 Nb8 13. h4 f6 14. h5 g5
15. h6 Kh8 16. Qc3 Rg8 17. e5 b6 18. Rd1 Ba6 19. Bxa6 Nxa6 20. d6 Rg6 21. d7 g4
22. exf6 exf6 23. Nh4 Rxh6 24. Kf1 Nb4 25. Qe3 Qf8 26. Qxh6 Qxh6 27. d8=Q+ 1-0

[Event "Liberec Open 2016"]
[Site "Liberec CZE"]
[Date "2016.02.19"]
[Round "8.30"]
[White "Polansky, Adam Lubos"]
[Black "Hons, Tomas"]
[Result "1/2-1/2"]
[WhiteElo "1641"]
[BlackElo "2030"]
[PlyCount "62"]
[EventDate "2016.02.13"]
[EventType "swiss"]
[EventRounds "9"]
[EventCountry "CZE"]
[Source "lmi"]
[SourceDate "2016.02.13"]

1. e4 e5 2. Nf3 Nc6 3. Bb5 a6 4. Ba4 Nf6 5. O-O Be7 6. Re1 b5 7. Bb3 d6 8. c3
O-O 9. a4 Bg4 10. d3 b4 11. a5 Rb8 12. Bc4 Qc8 13. Nbd2 Na7 14. Nf1 c5 15. h3
Be6 16. Ne3 Nc6 17. Bxe6 Qxe6 18. Ng5 Qd7 19. Nc4 Bd8 20. f4 Rb5 21. fxe5 Nxe5
22. Bf4 Nxc4 23. dxc4 Rxa5 24. Qxd6 Rxa1 25. Rxa1 bxc3 26. bxc3 Qxd6 27. Bxd6
Re8 28. Rxa6 h6 29. e5 hxg5 30. exf6 Bxf6 31. Bxc5 Rc8 1/2-1/2

[Event "Liberec Open 2016"]
[Site "Liberec CZE"]
[Date "2016.02.20"]
[Round "9.1"]
[White "Plischki, Sebastian"]
[Black "Mikalsen, Erlend"]
[Result "1/2-1/2"]
[WhiteElo "2381"]
[BlackElo "2319"]
[PlyCount "28"]
[EventDate "2016.02.13"]
[EventType "swiss"]
[EventRounds "9"]
[EventCountry "CZE"]
[Source "lmi"]
[SourceDate "2016.02.13"]

1. Nf3 d5 2. d4 Nf6 3. c4 e6 4. Nc3 Be7 5. Bg5 h6 6. Bh4 O-O 7. e3 b6 8. Rc1
Bb7 9. Bd3 c5 10. cxd5 cxd4 11. Nxd4 Nxd5 12. Bxe7 Qxe7 13. O-O Nxc3 14. Rxc3
Na6 1/2-1/2

[Event "Liberec Open 2016"]
[Site "Liberec CZE"]
[Date "2016.02.20"]
[Round "9.2"]
[White "Balinski, Damian"]
[Black "Bindrich, Oswald"]
[Result "1/2-1/2"]
[WhiteElo "2181"]
[BlackElo "2105"]
[PlyCount "25"]
[EventDate "2016.02.13"]
[EventType "swiss"]
[EventRounds "9"]
[EventCountry "CZE"]
[Source "lmi"]
[SourceDate "2016.02.13"]

1. d4 Nf6 2. Nf3 g6 3. Bf4 Bg7 4. e3 O-O 5. Be2 c5 6. c3 d6 7. h3 Qb6 8. Qb3
Be6 9. Qxb6 axb6 10. a3 Bd5 11. Nbd2 Bc6 12. O-O Nbd7 13. c4 1/2-1/2

[Event "Liberec Open 2016"]
[Site "Liberec CZE"]
[Date "2016.02.20"]
[Round "9.3"]
[White "Duda, Antonin"]
[Black "Chudinovskikh, Alexander M"]
[Result "0-1"]
[WhiteElo "2034"]
[BlackElo "2257"]
[PlyCount "72"]
[EventDate "2016.02.13"]
[EventType "swiss"]
[EventRounds "9"]
[EventCountry "CZE"]
[Source "lmi"]
[SourceDate "2016.02.13"]

1. e4 e5 2. Nf3 Nc6 3. Bb5 a6 4. Ba4 Nf6 5. O-O Be7 6. Re1 b5 7. Bb3 O-O 8. c3
d6 9. h3 Nd7 10. d4 Bf6 11. Qd3 Bb7 12. Nbd2 Re8 13. Nf1 exd4 14. cxd4 Nb4 15.
Qd2 c5 16. d5 a5 17. a3 Na6 18. Bc2 c4 19. Nd4 b4 20. Qd1 b3 21. Bb1 Nac5 22.
Ng3 Ne5 23. Ndf5 g6 24. Nh6+ Kg7 25. Ng4 Nxg4 26. Qxg4 Bc8 27. Qe2 Ba6 28. Qg4
Kh8 29. Kh2 Rb8 30. f4 c3 31. e5 dxe5 32. Be4 cxb2 33. Bxb2 exf4 34. Bxf6+ Qxf6
35. Nh5 gxh5 36. Qf5 Nxe4 0-1

[Event "Liberec Open 2016"]
[Site "Liberec CZE"]
[Date "2016.02.20"]
[Round "9.4"]
[White "Siggelkow, Axel"]
[Black "Kaderabek, Jiri"]
[Result "1/2-1/2"]
[WhiteElo "2051"]
[BlackElo "2190"]
[PlyCount "53"]
[EventDate "2016.02.13"]
[EventType "swiss"]
[EventRounds "9"]
[EventCountry "CZE"]
[Source "lmi"]
[SourceDate "2016.02.13"]

1. d4 Nf6 2. Nf3 c5 3. c4 e6 4. Nc3 d5 5. cxd5 exd5 6. g3 Nc6 7. Bg2 Ne4 8. O-O
Be7 9. dxc5 Nxc3 10. bxc3 O-O 11. Nd4 Bxc5 12. Nb3 Bb6 13. Qxd5 Qe7 14. Qe4 Re8
15. Qxe7 Rxe7 16. e3 Bg4 17. Ba3 Rc7 18. Bd6 Rd7 19. Bc5 Ne5 20. Bxb6 axb6 21.
Nd4 Ra3 22. Rfc1 h6 23. Rc2 Bh5 24. Rb1 Bg6 25. e4 Ra6 26. h3 f6 27. f4 1/2-1/2